000 00388nam a22001337a 4500
008 230620b xxu||||| |||| 00| 0 eng d
020 _a0852553994
082 _a320.96
_bMAM
100 _cLahmood Mamdani
245 _aCitizen and Subject
_bContemporary Africa and the Legacy of late colonialism
260 _aBritain
_bPrinceton University press
_c1996
300 _a353p
942 _2ddc
_cBK
999 _c1702
_d1702